01872nam a2200373Ka 4500001001000000003000600010005001700016008004100033020001800074020001500092035002100107040001300128082001900141100003100160245009600191250003500287260001100322264010700333300003900440504005600479505084900535526001001384526001001394526001001404526001001414526000801424526000801432526000801440526000801448526000801456526000801464526000801472650001801480820730522OCoLC20250731173557.0121210s2012 xx b 000 0 eng d a9781936929054 a1936929058 a(OCoLC)820730522 aEXNcEXN 223a251bM875p1 aMorris, Derek John,d1954-10aPowerful biblical preaching :bpractical pointers from master preachers /cDerek J. Morris. aEdición revisada y expandida cc2012. a[Silver Spring , MD] :b[General Conference. Ministerial Association os Seventh-day Adventist],c2005. a202 páginas ;c23 centímetros. aIncluye referencias bibliográficas (p. 199 - 202) aPractical Pointers from the Preaching Ministry of Jesus-- Developing a Working Methodology -- Called to Preach -- Preaching Out of the Overfiow -- Prayer-Saturated Preaching -- The Witness of Preaching -- Preaching with Prophetic Passion -- Bullets or Buckshot -- Inductive Preaching -- Preaching Christian Doctrine -- Marketplace Preaching -- Celebration and Experience in Preaching -- Preaching that Turns the World Upside Down – Embracing the Next Generation -- Evangelistic Preaching -- Prophetic Preaching -- Reaching the Secular Mind -- Sequence Preaching -- First-Person Narrative Preaching -- The Art of Double Listening -- Unleashing Your Congregation's Creativity -- Learning from the Marketplace -- Preaching Effectively Without Notes -- Feedback and Evaluation -- Planning Your Preaching Calendar A -- How to Care For Your Voice. aSEG42 aSEG41 aSEG40 aSEG39 aP94 aP87 aP86 aP85 aP77 aP76 aP35 0aPredicación